000 01007cam a22002894a 4500
001 14122823
005 20180313045002.0
008 050928s2007 maua b 001 0 eng
010 _a 2005934704
020 _a9780073135649 (pbk. : student ed. : alk. paper)
020 _a007313564X (pbk. : student ed. : alk. paper)
020 _a9780073216331 (pbk. : annotated instructor's ed. : alk. paper)
020 _a007321633X (pbk. : annotated instructor's ed. : alk. paper)
020 _a007321650X (compact discs)
040 _aDLC
_cDLC
_dDLC
041 _aeng
042 _apcc
080 _a808.51 LUC
082 0 0 _a808.51 LUC
_222
100 1 _a40
101 _aMED
245 1 4 _aThe art of public speaking /
_cStephen E. Lucas.
504 _aIncludes bibliographical references and index.
906 _a7
_bcbc
_corignew
_d2
_eepcn
_f20
_gy-gencatlg
942 _2ddc
_cBK
999 _c44817
_d44817